<?xml version="1.0" encoding="UTF-8"?>
<collection xmlns="http://www.loc.gov/MARC21/slim">
 <record>
  <leader>     na                 </leader>
  <controlfield tag="001">INLIS000000000881013</controlfield>
  <controlfield tag="005">20230816125513</controlfield>
  <datafield tag="035" ind1=" " ind2=" ">
   <subfield code="a">0010-0823000503</subfield>
  </datafield>
  <controlfield tag="007">ta</controlfield>
  <controlfield tag="008">230816s2023    yoi    g            ind d</controlfield>
  <datafield tag="020" ind1=" " ind2=" ">
   <subfield code="a">978-979-21-7580-6</subfield>
  </datafield>
  <datafield tag="082" ind1="0" ind2="4">
   <subfield code="2">23</subfield>
   <subfield code="a">248.4</subfield>
  </datafield>
  <datafield tag="084" ind1=" " ind2=" ">
   <subfield code="a">248.4 SUG s</subfield>
  </datafield>
  <datafield tag="100" ind1="1" ind2=" ">
   <subfield code="a">Sugiyana, F.X.</subfield>
   <subfield code="e">Pengarang</subfield>
  </datafield>
  <datafield tag="245" ind1="1" ind2="0">
   <subfield code="a">Sinergi energi sinodalitas Gereja /</subfield>
   <subfield code="c">F.X. Sugiyana, Petrus Sunu Hardiyanta, Melkyor Pando, Ambrosius Heri Krismawanto, Veronica Maria Murwaningsih, Heribertus Budi Purwantoro, Benediktus Benteng Kurniadi Singarimbun, Yustiana, Antonius Budi Wihandono; penyunting, F.X. Sugiyana, Retno</subfield>
  </datafield>
  <datafield tag="250" ind1=" " ind2=" ">
   <subfield code="a">Cetakan Pertama, 2023</subfield>
  </datafield>
  <datafield tag="300" ind1=" " ind2=" ">
   <subfield code="a">227 halaman ;</subfield>
   <subfield code="c">21 cm</subfield>
  </datafield>
  <datafield tag="650" ind1=" " ind2="4">
   <subfield code="a">Kehidupan beragama (Kristen)</subfield>
  </datafield>
  <datafield tag="700" ind1="0" ind2=" ">
   <subfield code="a">Melkyor Pando</subfield>
   <subfield code="e">Pengarang</subfield>
  </datafield>
  <datafield tag="700" ind1="0" ind2=" ">
   <subfield code="a">Ambrosius Heri Krismawanto</subfield>
   <subfield code="e">Pengarang</subfield>
  </datafield>
  <datafield tag="700" ind1="0" ind2=" ">
   <subfield code="a">Veronica Maria Murwaningsih</subfield>
   <subfield code="e">Pengarang</subfield>
  </datafield>
  <datafield tag="700" ind1="0" ind2=" ">
   <subfield code="a">Heribertus Budi Purwantoro</subfield>
   <subfield code="e">Pengarang</subfield>
  </datafield>
  <datafield tag="700" ind1="3" ind2=" ">
   <subfield code="a">Singarimbun,  Benediktus Benteng Kurniadi</subfield>
   <subfield code="e">Pengarang</subfield>
  </datafield>
  <datafield tag="700" ind1="0" ind2=" ">
   <subfield code="a">Yustiana</subfield>
   <subfield code="e">Pengarang</subfield>
  </datafield>
  <datafield tag="700" ind1="0" ind2=" ">
   <subfield code="a">Antonius Budi Wihandono</subfield>
   <subfield code="e">Pengarang</subfield>
  </datafield>
  <datafield tag="700" ind1="1" ind2=" ">
   <subfield code="a">Sugiyana, F.X.</subfield>
   <subfield code="e">Penyunting</subfield>
  </datafield>
  <datafield tag="700" ind1="0" ind2=" ">
   <subfield code="a">Retno</subfield>
   <subfield code="e">Penyunting</subfield>
  </datafield>
  <datafield tag="710" ind1="0" ind2=" ">
   <subfield code="a">Petrus Sunu Hardiyanta</subfield>
   <subfield code="e">Pengarang</subfield>
  </datafield>
  <datafield tag="264" ind1="3" ind2="1">
   <subfield code="a">Sleman :</subfield>
   <subfield code="b">Kanisius,</subfield>
   <subfield code="c">2023</subfield>
  </datafield>
  <datafield tag="336" ind1=" " ind2=" ">
   <subfield code="2">rdacontent</subfield>
   <subfield code="a">teks</subfield>
  </datafield>
  <datafield tag="337" ind1=" " ind2=" ">
   <subfield code="2">rdamedia</subfield>
   <subfield code="a">tanpa perantara</subfield>
  </datafield>
  <datafield tag="338" ind1=" " ind2=" ">
   <subfield code="2">rdacarrier</subfield>
   <subfield code="a">volume</subfield>
  </datafield>
  <datafield tag="040" ind1=" " ind2=" ">
   <subfield code="a">YOPDYOG</subfield>
   <subfield code="b">ind</subfield>
   <subfield code="e">rda</subfield>
  </datafield>
  <datafield tag="090" ind1=" " ind2=" ">
   <subfield code="a">CB-D.11 2023-1742</subfield>
  </datafield>
  <datafield tag="850" ind1=" " ind2=" ">
   <subfield code="a">YOPDYOG</subfield>
  </datafield>
  <datafield tag="999" ind1=" " ind2=" ">
   <subfield code="a">CB-D.11/2023-1742</subfield>
  </datafield>
  <datafield tag="990" ind1=" " ind2=" ">
   <subfield code="a">CB-D.11/2023-1742</subfield>
  </datafield>
 </record>
</collection>
